Putting science in its place (Record no. 22379)

MARC details
000 -LEADER
fixed length control field 00936cam a22002294a 4500
020 ## - INTERNATIONAL STANDARD BOOK NUMBER
ISBN 0226487229 (acidfree paper)
082 00 - DEWEY DECIMAL CLASSIFICATION NUMBER
Classification number 303.483
Author Cutter LIV
100 1# - MAIN ENTRY--AUTHOR NAME
Author name Livingstone, David N.,
245 10 - TITLE STATEMENT
Title Putting science in its place
260 ## - PUBLICATION, DISTRIBUTION, ETC. (IMPRINT)
Place of publication Chicago :
Name of publisher University of Chicago Press,
Year of publication c2003.
300 ## - PHYSICAL DESCRIPTION
Number of Pages xii, 234 p. :
Other physical details ill. ;
505 0# - FORMATTED CONTENTS NOTE
Formatted contents note A geography of science? -- Site : venues of science -- Region : cultures of science -- Circulation : movements of science -- Putting science in its place.
650 #0 - SUBJECT ADDED ENTRY--TOPICAL TERM
Topical Term Science
650 #0 - SUBJECT ADDED ENTRY--TOPICAL TERM
Topical Term Science and civilization.
856 42 - ELECTRONIC LOCATION AND ACCESS
Uniform Resource Identifier http://www.h-net.org/review/hrev-a0e2m3-aa
856 42 - ELECTRONIC LOCATION AND ACCESS
Uniform Resource Identifier http://www.loc.gov/catdir/description/uchi052/2003001355.html
856 42 - ELECTRONIC LOCATION AND ACCESS
Uniform Resource Identifier http://www.loc.gov/catdir/bios/uchi051/2003001355.html
856 41 - ELECTRONIC LOCATION AND ACCESS
Uniform Resource Identifier http://www.loc.gov/catdir/toc/fy043/2003001355.html
856 42 - ELECTRONIC LOCATION AND ACCESS
Uniform Resource Identifier http://www.e-streams.com/es0706/es0706_3344.html
942 ## - ADDED ENTRY ELEMENTS (KOHA)
Koha item type Books
Holdings
Home library Current library Shelving location Date acquired Full call number Accession Number Koha item type
Henry Martyn Institute Library Henry Martyn Institute Library General stacks 10/24/2018 303.483 LIV 11-3746 Books
                   Copyright © 2026 | Henry Martyn Institute | Hyderabad | TS-500052 | INDIA | Implemented by hmi.edu.in
Hit-Count:

Powered by Koha